Catálogo
Digital

Catálogo
Digital

La responsabilidad extracontractual del estado y sus sedes de reparación (Record no. 13546)

MARC details
000 -CABECERA
campo de control de longitud fija 01807nam a2200361 4500
003 - IDENTIFICADOR DEL NÚMERO DE CONTROL
campo de control EC-UNACH
005 - FECHA Y HORA DE LA ÚLTIMA TRANSACCIÓN
campo de control 20250423161029.0
006 - CÓDIGOS DE INFORMACIÓN DE LONGITUD FIJA--CARACTERÍSTICAS DEL MATERIAL ADICIONAL
campo de control de longitud fija s||||gr|||| 00| 00
008 - DATOS DE LONGITUD FIJA--INFORMACIÓN GENERAL
campo de control de longitud fija 150116t9999 mx r gr 000 0 spa d
020 ## - NÚMERO INTERNACIONAL ESTÁNDAR DEL LIBRO
Número Internacional Estándar del Libro 978-9942-661-51-7
040 ## - FUENTE DE LA CATALOGACIÓN
Centro catalogador/agencia de origen EC-UNACH
Centro/agencia transcriptor EC-UNACH
041 ## - CÓDIGO DE LENGUA
Código de lengua del texto/banda sonora o título independiente Español
082 04 - NÚMERO DE LA CLASIFICACIÓN DECIMAL DEWEY
Número de edición 23
Número de clasificación 342.06
Número de documento/Ítem L017697
100 ## - ENTRADA PRINCIPAL--NOMBRE DE PERSONA
Nombre de persona Barba Tamayo, Edison Paúl / Arguello Escobar, Sebastián Fernando / Lluguin Valdiviezo, Alex Fabricio
245 ## - MENCIÓN DE TÍTULO
Título La responsabilidad extracontractual del estado y sus sedes de reparación
250 ## - MENCIÓN DE EDICIÓN
Mención de edición Primera Edición
260 ## - PUBLICACIÓN, DISTRIBUCIÓN, ETC. (PIE DE IMPRENTA)
Lugar de publicación, distribución, etc. Riobamba - Ecuador
Nombre del editor, distribuidor, etc. Editorial UNACH
Fecha de publicación, distribución, etc. 2024
264 ## - Producción, publicación, distribución, fabricación y copyright
Lugar de producción, publicación, distribución, fabricación Producción UNACH
300 ## - DESCRIPCIÓN FÍSICA
Extensión 154 páginas
Otras características físicas Figuras, tablas
501 ## - NOTA DE "CON"
Nota de “Con” Incluye índice general
505 ## - NOTA DE CONTENIDO CON FORMATO
Nota de contenido con formato Capítulo I. La responsabilidad extracontractual del estado -- Capítulo II. La reparación derivada de la responsabilidad extracontractual del estado y sus sedes de exigibilidad -- La responsabilidad extracontractual del Estado a la luz del derecho comparado -- Capítulo IV. Sentencias referenciales -- Capítulo V. Investigación jurídica de la responsabilidad extracontractual del estado y sus sedes de reclamación -- Capítulo VI. Epílogo, referencias bibliográficas, Legislación, Jurisprudencia, Glosario.
650 ## - PUNTO DE ACCESO ADICIONAL DE MATERIA--TÉRMINO DE MATERIA
Término de materia o nombre geográfico como elemento inicial EVOLUCIÓN HISTÓRICA
650 ## - PUNTO DE ACCESO ADICIONAL DE MATERIA--TÉRMINO DE MATERIA
Término de materia o nombre geográfico como elemento inicial DAÑO CALIFICADO
650 ## - PUNTO DE ACCESO ADICIONAL DE MATERIA--TÉRMINO DE MATERIA
Término de materia o nombre geográfico como elemento inicial SEDE ADMINISTRATIVA
650 ## - PUNTO DE ACCESO ADICIONAL DE MATERIA--TÉRMINO DE MATERIA
Término de materia o nombre geográfico como elemento inicial VÍA CONTENCIOSA ADMINISTRATIVA
650 ## - PUNTO DE ACCESO ADICIONAL DE MATERIA--TÉRMINO DE MATERIA
Término de materia o nombre geográfico como elemento inicial LEGISLACIÓN ESPAÑOLA
650 ## - PUNTO DE ACCESO ADICIONAL DE MATERIA--TÉRMINO DE MATERIA
Término de materia o nombre geográfico como elemento inicial SEDE JUDICIAL
856 ## - LOCALIZACIÓN Y ACCESO ELECTRÓNICOS
Identificador Uniforme del Recurso <a href="https://doi.org/10.37135/u.editorial.05.140">https://doi.org/10.37135/u.editorial.05.140</a>
Texto de enlace Libro Digital - La responsabilidad extracontractual del estado y sus sedes de reparación
942 ## - ELEMENTOS DE PUNTO DE ACCESO ADICIONAL (KOHA)
Fuente del sistema de clasificación o colocación Clasificación Decimal Dewey
Tipo de ítem Koha Libro electrónico
999 ## - NÚMEROS DE CONTROL DE SISTEMA (KOHA)
Koha biblionumber 13546
Holdings
Estado de pérdida Fuente del sistema de clasificación o colocación Estado dañado No para préstamo Localización permanente Ubicación/localización actual Ubicación en estantería Fecha de adquisición Fuente de adquisición Total de préstamos Signatura topográfica completa Código de barras Fecha visto por última vez Número de copia Precio válido a partir de Tipo de ítem Koha Centro de costos
  Clasificación Decimal Dewey     Biblioteca Campus Norte Biblioteca Campus Norte Derecho 23/04/2025 Producción Científica UNACH   342.06 BAR L017698 L017698 23/04/2025 Ej: 01 23/04/2025 Libro electrónico  

Powered by Koha